000 00376nam a2200145 4500
001 109718
003 ES-MaACL
005 20230906184909.0
007 t|
008 061121s1928 xxc r ||||1| eng d
245 0 0 _aModern language instruction in Canada.
260 _aToronto :
_bUniversity Press,
_c1928.
300 _a2 v. ;
_c23 x 15 cm.
852 _aES-MaACL
_jF-11584-5
999 _c109718
_d109718